Mary McLeod Bethune: a great negro woman leader

Guardat en:
Dades bibliogràfiques
Autor principal: Owens Peare, Catherine
Format: Llibre
Idioma:Undetermined
Publicat: New York, Estados Unidos A Macfadden Bartell Book 1966
Matèries:
Etiquetes: Afegir etiqueta
Sense etiquetes, Sigues el primer a etiquetar aquest registre!

MARC

LEADER 00000nam a2200000Ia 4500
008 170316s9999 xx 000 0 und d
040 |a cru BVZT 
090 |a 810 O-9m 
100 |a Owens Peare, Catherine 
245 |a Mary McLeod Bethune: a great negro woman leader 
260 |a New York, Estados Unidos 
260 |b A Macfadden Bartell Book 
260 |c 1966 
300 |a 128 páginas 
650 |a LITERATURA ESTADOUNIDENSE 
999 |c 6004  |d 6004 
942 |c 15 D  |h 810 O-9m  |2 z